000 00738nam a2200229Ia 4500
003 GCL
008 140319s9999 xx 000 0 ara d
040 _aGCL /
_cGCL
082 0 4 _a320.9
_bع ر
100 1 _aعبدالعزيز محمد الدخيل
245 1 0 _aرؤية خليجية لقضايا عربية /
_cعبدالعزيز محمد الدخيل
260 _a[S.N] :
_bمكتبة مدبولى ،
_c1995
300 _a160 ص
490 _a
650 0 4 _aالعالم العربى
650 0 4 _aالاحوال السياسية
650 0 4 _aالقضية الفلسطينية
650 0 4 _aالديمقراطية
650 0 4 _aالخليج العربى
650 0 4 _aالاسلام والسياسة
942 _2ddc
_cBK
999 _c35418
_d35418